Culture Générale - Série 659 - Statistiques

Statistiques générales
  • Ce quiz a été pris 144 fois
  • Le résultat moyen est 7 sur 10
Statistiques - réponses
Question Réponse % Correct
En 1791, qui a composé l'opéra "La Flûte enchantée" ? Wolfgang Amadeus Mozart
96%
Complétez la phrase " Un brouillard à couper au ... " couteau
91%
Depuis la fin du XVIIe siècle, quelle ville des Vosges est réputée pour son imagerie ? Épinal
82%
En 1977 pour Alain Souchon, quelle danse y a-t-il “dans l'air” ? rumba
82%
Quel mot signifiant "doucement" en italien, est aussi le nom d'un instrument de musique à clavier ? piano
78%
A quel compositeur italien doit-on l'opéra : "Rigoletto", créé en 1851 à Venise ? Giuseppe Verdi
70%
Complétez ce titre d'un roman de Gabriel Garcia Marquez de 1981 : "Chronique d'une mort... annoncée
67%
Dans l'oeuvre de Picasso, quel nom de couleur qualifie la période qui arrive juste après la période bleue ? rose
60%
Quel nom de danse est utilisé dans l'alphabet phonétique de l'OTAN, pour désigner la lettre "F" ? Fox-trot
56%
Dans quel cimetière parisien peut-on se recueillir sur la tombe du metteur en scène François Truffaut ? Cimetière de Montmartre
37%
Aucun quiz correspondant
Distribution des résultats
% des personnes avec chaque résultat
Percentile par nombre de réponses
Votre historique - résultats
Vous n’avez pas pris ce quiz